| 000 | 00674nam a2200193Ia 4500 | ||
|---|---|---|---|
| 003 | GCL | ||
| 008 | 140319s9999 xx 000 0 ara d | ||
| 040 |
_aGCL / _cGCL |
||
| 082 | 0 | 4 |
_a362.042 _bم ت |
| 100 | 1 | _aمدحت فؤاد فتوح حسين | |
| 245 | 1 | 0 |
_aتنظيم مجتمع المسنين / _cمدحت فؤاد فتوح حسين |
| 260 |
_a[S.N] : _bالمطبعة التجارية الحديثة ، _c1992 |
||
| 300 | _a342 | ||
| 490 |
_aسلسلة كتب تنظيم المجتمع فى مجالات الخدمة _v0 |
||
| 650 | 0 | 4 | _aالرعاية الصحية |
| 650 | 0 | 4 | _aالعلوم الاجتماعية |
| 650 | 0 | 4 | _aالمسنون |
| 942 |
_2ddc _cBK |
||
| 999 |
_c43087 _d43087 |
||